Schaum's outline of theory and problems of complex variables : with an introduction to conformal mapping and its applications (Record no. 7961)

000 -LEADER
fixed length control field 00643 a2200169 4500
040 ## - CATALOGING SOURCE
Original cataloging agency DLC
082 00 - DEWEY DECIMAL CLASSIFICATION NUMBER
Classification number 515.9
100 ## - MAIN ENTRY--PERSONAL NAME
Personal name Spiegel, Murray R.
245 00 - TITLE STATEMENT
Title Schaum's outline of theory and problems of complex variables : with an introduction to conformal mapping and its applications
Remainder of title with an introduction to conformal mapping and its applications
Statement of responsibility, etc. Murray R. Spiegel.
246 30 - VARYING FORM OF TITLE
Title proper/short title Complex variables
260 ## - PUBLICATION, DISTRIBUTION, ETC.
Place of publication, distribution, etc. New York :
Name of publisher, distributor, etc. McGraw-Hill,
Date of publication, distribution, etc. 1964.
300 ## - PHYSICAL DESCRIPTION
Extent 313 p.
490 0# - SERIES STATEMENT
Series statement Schaum's outlines series
650 #0 - SUBJECT ADDED ENTRY--TOPICAL TERM
Topical term or geographic name entry element Functions of complex variables.
650 #0 - SUBJECT ADDED ENTRY--TOPICAL TERM
Topical term or geographic name entry element Functions of several complex variables.
942 ## - ADDED ENTRY ELEMENTS (KOHA)
Koha item type Book
Call number prefix 515.9 SPI
Source of classification or shelving scheme
Holdings
Withdrawn status Lost status Damaged status Not for loan Collection code Permanent Location Current Location Shelving location Date acquired Total Checkouts Full call number Barcode Date last seen Date last checked out Price effective from Koha item type
          Central Library (CL) Central Library (CL) General Stacks 05/27/2014 3 515.9 SPI SEECSD00234 01/04/2026 11/08/2025 01/05/2017 Book
© 2023 Central Library, National University of Sciences and Technology. All Rights Reserved.